1737 1174 1899 1333 1819 1674 1731 1185 1194 1998 1793 1389 1967 1634 1703 1501 1162 1331 1494 1789 1699 1645 1705 1342 1049 1998 1347 1363 1889 1518 1369 1030 1696 1592 1025 1502 1843 1154 1978 1446 1837 1868 1830 1497 1229 1309 1035 1129 1701 1921 1102 1450 1571 1492 1101 1574 1381 1121 1674 1930 1635 1501 1578 1402 1353 1003 1746 1400 1058 1865 1830 1098 1881 1421 1839 1457 1589 1143 1589 1445 1868 1397 1904 1930 1689 1122 1232 1729 1440 1667 1501 1752 1081 1256 1439 1613 1150 1920 1807 BCNSPRNW ULIB Ver.6.0+V

เปลี่ยนเป็นภาษาไทย

Change to English
 แสดงรายละเอียดบรรณานุกรม
  กลับหน้าหลัก

Brief Record : Get Marc (ISO 2709) : E-mail record : QR code < ปิดหน้าต่าง
LEADER : 00000nam 2200000uu 4500
001    13399123529
003     ULIB
008    141003s2557||||th 000 0 tha d
020    ^a9786169161523
060  0 ^aWS280^bอ336S
245 00 ^aSmart practice in common pediatric respiratory problems/^cบรรณาธิการโดย อรุณวรรณ พฤทธิพันธุ์ และคนอื่น ๆ
260    ^aกรุงเทพฯ:^bชมรมโรคระบบหายใจและเวชบำบัดวิกฤตในเด็กแห่งประเทศไทย,^c2557.
300    ^a326 หน้า
650  0 ^aRespiratory Diseases, Pediatrics
700 0  ^aอรุณวรรณ พฤทธิพันธุ์,^eบรรณาธิการ
700 0  ^aวนิดา เปาอินทร์,^eบรรณาธิการ
700 0  ^aรุจิภัตต์ สำราญสำรวจกิจ,^eบรรณาธิการ
700 0  ^aกนกพร อุดมอิทธิพงศ์,^eบรรณาธิการ
945    ^p400^l0^i036089
945    ^p400^l0^i036090
945    ^p400^l0^i036091
999    ^aเกษร โพธิ์สุวรรณ
รายการนี้ยังไม่มีแท็ก
คุณยังไม่ได้ล็อกอิน คุณสามารถมีกิจกรรมร่วมกับเว็บไซต์ได้ แต่ต้องล็อกอินก่อน ::
  ล็อกอิน

รายการสื่อสารสนเทศ

ลำดับที่ ประเภท เลขเรียก/บาร์โค้ด สถานที่ สถานะ
1. วิทยาศาสตร์การแพทย์ และสุขภาพ
วิทยาศาสตร์การแพทย์ และสุขภาพ
สถานะ=หนังสือเก่า
WS280 อ336S ฉ.1 
  Barcode: 036089
ห้องสมุดวิทยาเขตสวรรค์ประชารักษ์
►ส่วนจัดเก็บหนังสือเก่า สปร
บนชั้น
  ขอยืม
2. วิทยาศาสตร์การแพทย์ และสุขภาพ
วิทยาศาสตร์การแพทย์ และสุขภาพ
WS280 อ336S ฉ.2 
  Barcode: 036090
ห้องสมุดวิทยาเขตสวรรค์ประชารักษ์
►ส่วนจัดเก็บหนังสือเก่า สปร
บนชั้น
  ขอยืม
3. วิทยาศาสตร์การแพทย์ และสุขภาพ
วิทยาศาสตร์การแพทย์ และสุขภาพ
สถานะ=หนังสือเก่า
WS280 อ336S ฉ.3 
  Barcode: 036091
ห้องสมุดวิทยาเขตสวรรค์ประชารักษ์
►ส่วนจัดเก็บหนังสือเก่า สปร
บนชั้น
  ขอยืม

รายการใกล้เคียง
    หัวเรื่อง [Respiratory Diseases, Pediatrics]

BibComment


ยังไม่เคยถูกคอมเมนท์

คอมเมนท์ทรัพยากรรายการนี้
  คอมเมนท์: Smart practice i..


 Copyright 2026. Bcnsprnw @Library